000 00475cam a2200169ua 4500
020 _c1500.00
041 _aeng
_h
082 _a338.642
_bSOU/GR
100 _aSoundarapandian, M .
245 0 0 _aGreen productivity in small and medium enterprises, Vol.II /
_cM. Soundarapandian.
_hTextual Documents
260 _aNew Delhi :
_bConcept Publishing Company ,
_c2007.
300 _a294 ; .
365 _a1500.00
504 _a
942 _cBK
999 _c13140
_d13140